[Event "Hostturnering"]
[Site "Fredrikstad"]
[Date "1993.??.??"]
[Round "4"]
[White "Hansen, Eilif"]
[Black "Andersen, Harry"]
[Result "1-0"]
[WhiteElo "1700"]
[BlackElo "1600"]
[PlyCount "55"]
[EventDate "1993.??.??"]
[EventType "swiss"]
[EventRounds "9"]
[EventCountry "NOR"]
[SourceTitle "EXT 2006"]
[Source "ChessBase"]
[SourceDate "2005.11.24"]
[SourceVersion "1"]
[SourceVersionDate "2005.11.24"]
[SourceQuality "1"]

1. e4 c5 2. Nf3 d6 3. d4 cxd4 4. Nxd4 Nf6 5. Nc3 e5 6. Nb3 a6 7. Be2 b5 8. a3 Be6 9. 0-0 Nbd7 10. Be3 Rc8 11. f4 exf4 12. Bxf4 Qb6+ 13. Kh1 Rxc3 14. bxc3 Nxe4 15. Qd4 Be7 16. Qxe4 Bf6 17. Nd4 d5 18. Qe3 0-0 19. Bd3 Rc8 20. Rae1 Bg4 21. h3 Bh5 22. Bf5 Qb7 23. Bd6 Rd8 24. Qg3 h6 25. Bxd7 Qxd7 26. Rxf6 Kh8 27. Rxh6+ gxh6 28. Be5+ 1-0

[Event "Hostturnering"]
[Site "Fredrikstad"]
[Date "1993.??.??"]
[Round "?"]
[White "Olavesen, Steinar"]
[Black "Hansen, Eilif"]
[Result "1/2-1/2"]
[WhiteElo "1100"]
[BlackElo "1700"]
[PlyCount "102"]
[EventDate "1993.??.??"]
[EventType "swiss"]
[EventRounds "9"]
[EventCountry "NOR"]
[SourceTitle "EXT 2006"]
[Source "ChessBase"]
[SourceDate "2005.11.24"]
[SourceVersion "1"]
[SourceVersionDate "2005.11.24"]
[SourceQuality "1"]

1. e4 c5 2. c4 d6 3. Nc3 Nf6 4. d3 g6 5. Nf3 Bg7 6. Bd2 Nc6 7. Be2 Bg4 8. h3 Bd7 9. 0-0 0-0 10. Rb1 Qc8 11. Nd5 Nxd5 12. cxd5 Nd4 13. Nxd4 Bxd4 14. Bc3 Bxc3 15. bxc3 e6 16. c4 e5 17. f4 f6 18. fxe5 fxe5 19. Rxf8+ Kxf8 20. Qd2 Kg7 21. Qg5 Kg8 22. Qe7 b6 23. Rf1 Qe8 24. Qxd6 Rd8 25. Qf6 Bc8 26. Bd1 Bd7 27. Qg5 Bc8 28. Ba4 Bd7 29. Bxd7 Rxd7 30. Rf5 Re7 31. Rf3 Rf7 32. Rxf7 Kxf7 33. Kh2 Qb8 34. Qg4 Qe8 35. Qh4 Kg7 36. Qg5 h6 37. Qg3 Qe7 38. Qf2 Qg5 39. Qg3 Qe7 40. h4 Kf7 41. Qg4 h5 42. Qg5 Qxg5 43. hxg5 Ke7 44. Kg1 a6 45. Kf1 Kd6 46. Ke1 Kd7 47. Kd1 Kd6 48. Kc2 Kd7 49. Kb3 Kd6 50. a4 a5 51. Kc2 Kd7 1/2-1/2